| 000 | 00771nam a2200205 a 4500 | ||
|---|---|---|---|
| 001 | 1581 | ||
| 003 | BR-CuiBMT | ||
| 005 | 20231215235511.0 | ||
| 008 | 231128s2015 mtba 000 0 por d | ||
| 040 |
_aBR-CuiBMT _cBR-CuiBMT |
||
| 080 |
_a351.94:336.148 _x(047) _22007 |
||
| 090 |
_dTCE/MT _a351.94:336.148(047) _bM433r |
||
| 110 | 1 |
_aMato Grosso. _bTribunal de Contas. |
|
| 245 | 1 | 0 |
_aDiagnóstico da gestão estratégica das unidades gestoras / _cTribunal de Contas do Estado de Mato Grosso ; Antônio Joaquim Moraes Rodrigues Neto (Presidente). |
| 260 |
_aCuiabá : _bTCE-MT, _c2015. |
||
| 300 |
_a46 p.: _bil. _c30 cm |
||
| 650 |
_aTribunal de Contas _vOrçamento _zMato Grosso |
||
| 650 |
_aContas governamentais _xRelatórios e pareceres _zMato Grosso |
||
| 942 |
_2udc _cLV |
||
| 999 |
_c1581 _d1581 |
||